| 000 | 00764nam a22002177a 4500 | ||
|---|---|---|---|
| 005 | 20251108165930.0 | ||
| 008 | 250721s2002 xx 000 0 ara d | ||
| 082 | 1 | 4 | _a591.142/بطا |
| 100 | 1 | _aالبطانية، حميد | |
| 245 | 1 | 0 |
_aعلم الغدد الصماء : _bالغدة الدرقية , الغدة الكظرية , هرمونات الفتاة الهضمية و النمو و التكاثر / |
| 264 | 1 |
_aعمان : _bالأهلية، _c2002. |
|
| 300 | _a356ص. | ||
| 650 | 1 | 7 | _aعلم الغدد الصماء |
| 650 | 1 | 7 | _aالهرمونات |
| 650 | 1 | 7 | _aالغدة الكظرية |
| 650 | 1 | 7 | _aالغدة الصنوبرية |
| 700 | 1 | _aالحمود، محمد | |
| 700 | 1 | _aيوسف، وليد | |
| 942 |
_2ddc _cBK |
||
| 999 |
_c35158 _d35158 |
||